Numéros des pilotes de F1 en 2022 - Click Quiz - Statistiques

Statistiques générales
  • Ce quiz a été pris 6 653 fois
  • Le résultat moyen est 13 sur 20
Statistiques - réponses
Hint Réponse % Correct
Max Verstappen 1
93%
Lewis Hamilton 44
89%
Charles Leclerc 16
88%
Pierre Gasly 10
85%
Lando Norris 4
81%
Carlos Sainz 55
81%
George Russell 63
75%
Daniel Ricciardo 3
74%
Valtteri Bottas 77
74%
Sergio Perez 11
70%
Fernando Alonso 14
66%
Esteban Ocon 31
66%
Sebastian Vettel 5
62%
Yuki Tsunoda 22
57%
Lance Stroll 18
55%
Alexander Albon 23
50%
Mick Schumacher 47
50%
Kevin Magnussen 20
40%
Nicholas Latifi 6
39%
Guanyou Zhou 24
38%
Aucun quiz correspondant
Distribution des résultats
% des personnes avec chaque résultat
Percentile par nombre de réponses
Votre historique - résultats
Vous n’avez pas pris ce quiz